The third culture (Record no. 6579)

MARC details
000 -LEADER
fixed length control field 00889 a2200217 4500
005 - DATE AND TIME OF LATEST TRANSACTION
control field 20080829164852.0
008 - FIXED-LENGTH DATA ELEMENTS--GENERAL INFORMATION
fixed length control field 080829t xxu||||| |||| 00| 0 eng d
010 ## - LIBRARY OF CONGRESS CONTROL NUMBER
LC control number ENG-87444
020 ## - INTERNATIONAL STANDARD BOOK NUMBER
International Standard Book Number 8190364871
Terms of availability 250.00
035 ## - SYSTEM CONTROL NUMBER
System control number EN-70977
037 ## - SOURCE OF ACQUISITION
Source of stock number/acquisition DBAD / PUB
082 ## - DEWEY DECIMAL CLASSIFICATION NUMBER
Classification number 303.4825408745
100 ## - MAIN ENTRY--PERSONAL NAME
Personal name De, Noronba, Alberto
245 ## - TITLE STATEMENT
Title The third culture
Remainder of title some aspects of the Indo-Portuguese cultural encounter
Statement of responsibility, etc by Alberto de Noronba
260 ## - PUBLICATION, DISTRIBUTION, ETC. (IMPRINT)
Place of publication, distribution, etc Goa
Name of publisher, distributor, etc Third Millennium
Date of publication, distribution, etc 2006
270 ## - ADDRESS
Address 603, Shiv Towers, Patto Plaza, Panjim
City Goa
300 ## - PHYSICAL DESCRIPTION
Extent 189 p.
Dimensions 21 cm ( pbk.)
500 ## - GENERAL NOTE
General note Includes bibliograpgical references and index
942 ## - ADDED ENTRY ELEMENTS (KOHA)
Institution code [OBSOLETE] dpl
Koha item type English Books
Call number prefix 303.4825408745/DEN
Source of classification or shelving scheme Dewey Decimal Classification
Classification part 303.4825408745
Call number suffix DEN
Holdings
Withdrawn status Lost status Damaged status Not for loan Home library Current library Date acquired Cost, normal purchase price Total Checkouts Full call number Barcode Date last seen Copy number Uniform Resource Identifier Cost, replacement price Price effective from Koha item type
        D.B.Act.Division D.B.Act.Division 29/08/2008 250.00   303.4825408745 DEN EN-70977 15/09/2008 1 7074 250.00 15/09/2008 English Books

© Delhi Public Library
Hit Counter
free hit counter